Rappeur français avec un titre 8 - Statistiques

Statistiques générales
  • Ce quiz a été pris 2 267 fois
  • Le résultat moyen est 9 sur 15
Statistiques - réponses
Titre Rappeur % Correct
La kiffance Naps
97%
Djomb Bosh
89%
Angela Hatik
88%
Joli Bébé (ft Niska) Naza
81%
Petrouchka (ft Plk) Soso Maness
80%
Ne reviens pas (ft heuss l'enfoiré) Gradur
75%
Casanova (ft Gazo) Soolking
74%
Du mal à te dire (ft Damso) Dinos
55%
Pour deux âmes solitaires Luidji
55%
Journal perso II Vald
51%
Festival de reve Damso
50%
Ancelotti Freeze Corleone
48%
Fade up (ft SCH et Hamza) Zeg
44%
Adieu Bientot Columbine
38%
Pas comme elles Moji x Sboi
0%
Aucun quiz correspondant
Distribution des résultats
% des personnes avec chaque résultat
Percentile par nombre de réponses
Votre historique - résultats
Vous n’avez pas pris ce quiz